| 000 | 00415nam a22001577a 4500 | ||
|---|---|---|---|
| 020 | _a0582420105 | ||
| 022 | _a0582420113 | ||
| 082 |
_a526.9 _bSCO _cL-16, P46 |
||
| 100 |
_aScott, G. A _939594 |
||
| 245 |
_aConstruction surveying _cG.A Scott. |
||
| 260 |
_aLondon : _bLongman Group Limited, _c1973. |
||
| 300 | _a261 p. : | ||
| 526 |
_a0 _b0 _c0 _d526_900000000000000_SCO |
||
| 650 |
_aMCE _9379 |
||
| 942 |
_2ddc _cBK |
||
| 999 |
_c544055 _d544055 |
||